000
00229nam a2200109Ia 4500
008
210707s9999 xx 000 0 und d
041
_a
eng
082
_a
CD96
100
_a
EFY
245
_a
E pages 2005
906
_a
2005 E pages
999
_c
177130
_d
177130